| 000 | 00411nam a2200145 a 4500 | ||
|---|---|---|---|
| 001 | 1121 | ||
| 003 | CDMR | ||
| 005 | 20130116135201.0 | ||
| 008 | 130130s1991||||||||||||||||||||||||||||d | ||
| 040 |
_aCDMR _bcat _cCPC LLEIDA |
||
| 100 | 1 |
_aCompany, Ximo _9884 |
|
| 245 | 1 | 4 |
_aEls Montcada i Alfons de Borja a la Seu Vella de Lleida _cCOMPANY, Ximo |
| 260 |
_aLleida _c1991 _bAmics de la Seu Vella de Lleida |
||
| 942 | _cMON | ||
| 999 |
_c1121 _d1121 |
||